00426nam a2200181Ia 4500003000400000008004100004040001600045082001700061100001700078245002900095700002200124260002000146300001000166650001500176650001200191650001900203650002200222GCL140319s9999 xx 000 0 eng d aGCL / cGCL04aCHb823bH C1 aHUGO, VICTOR10aCOSETTE / cHUGO, VICTOR1 aRIGUELLE, BERNARD a[S.N] : bHEMMA a156 P04aLITERATURE04aFICTION04aFRENCH FICTION04aFRENCH LITERATURE